Markov chains with stationary transition probabilities.

Αποθηκεύτηκε σε:
Λεπτομέρειες βιβλιογραφικής εγγραφής
Κύριος συγγραφέας: Chung, Kai Lai, 1917-2009
Μορφή: Βιβλίο
Γλώσσα:English
Δημοσίευση: Berlin ; New York : Springer, c1967.
Έκδοση:2η έκδ.
Σειρά:Grundlehren der mathematischen Wissenschaften in Einzeldarstellungen mit besonderer Berücksichtigung der Anwendungsgebiete ; 104
Θέματα:
Ετικέτες: Προσθήκη ετικέτας
Δεν υπάρχουν, Καταχωρήστε ετικέτα πρώτοι!

MARC

LEADER 00000nam a2200000 a 4500
001 1/126904
008 230621t1967####gw | ||| |||| ||eng||
040 |a GR-MyUa  |b gre  |c GR-MyUa  |e AACR2 
041 0 |a eng 
082 7 |a 519.1  |2 (23) 
100 1 |a Chung, Kai Lai,   |d 1917-2009. 
245 1 0 |a Markov chains with stationary transition probabilities.  
250 |a 2η έκδ.  
260 |a Berlin ;   |b New York :   |b Springer,  |c c1967. 
300 |a 301 σ. ;   |c 24 εκ.  
490 1 |a (Die Grundlehren der mathematischen Wissenschaften in Einzeldarstellungen ;   |v 104) 
504 |a Βιβλιογραφία: σ. [292]-297.  
650 0 |a Markov processes. 
830 0 |a Grundlehren der mathematischen Wissenschaften in Einzeldarstellungen mit besonderer Berücksichtigung der Anwendungsgebiete ;  |v 104 
852 |a INST  |b SAMOS  |e 20230620  |h 519.1 CHU  |p 005300047895  |q 005300047895  |t BK  |y 0 
970 |a Φιλιππή  |b Φάλη  |z 21-06-2023